| 000 | 00894nam a2200301 a 4500 | ||
|---|---|---|---|
| 999 |
_c3086 _d3086 |
||
| 003 | ALUPE UNIVERSITY | ||
| 005 | 20210813065509.0 | ||
| 008 | 950628s1996 maua bf 001 0 eng c | ||
| 020 | _a0316293873 | ||
| 040 | _cALUPE UNIVERSITY | ||
| 049 | _aUOHA | ||
| 050 | 1 | 0 |
_aRC71 _b.P74 1996 |
| 060 | 0 | 0 | _a1996 A-935 |
| 060 | 1 | 0 |
_aWB 141 _bP962 1996 |
| 090 | _aRC69 .P76 1996 | ||
| 245 | 0 | 0 |
_aProblem-oriented medical diagnosis / _cedited by H. Harold Friedman. |
| 250 | _a6th ed. | ||
| 260 |
_aBoston : _bLittle, Brown, _c1996. |
||
| 300 |
_axix, 487 p. : _bill. ; _c22 cm. |
||
| 500 | _aLittle, Brown spiral manual. | ||
| 504 | _aIncludes bibliographical references and index. | ||
| 650 | 0 |
_aDiagnosis _vHandbooks, manuals, etc. |
|
| 650 | 2 | _aDiagnosis. | |
| 700 | 1 |
_aFriedman, H. Harold _q(Henry Harold), _d1917- |
|
| 907 | _a.b20009197 | ||
| 942 |
_2lcc _cBK _nPW |
||